书目信息 |
| 题名: |
自动驾驶
|
|
| 作者: | 胡波 主编 | |
| 分册: | ||
| 出版信息: | 北京 清华大学出版社 2023.06 |
|
| 页数: | 13,189页 | |
| 开本: | 24cm | |
| 丛书名: | 人工智能科学与技术丛书 | |
| 单 册: | ||
| 中图分类: | U463.61 | |
| 科图分类: | ||
| 主题词: | 汽车驾驶--自动驾驶系统 | |
| 电子资源: | ||
| ISBN: | 978-7-302-63213-9 | |
| 000 | 01029oam2 2200265 450 | |
| 001 | 011924679 | |
| 005 | 20251023085518.08 | |
| 010 | @a978-7-302-63213-9@dCNY59.00 | |
| 100 | @a20230703d2023 em y0chiy0120 ea | |
| 101 | 0 | @achi |
| 102 | @aCN@b110000 | |
| 105 | @aa z 000yy | |
| 106 | @ar | |
| 200 | 1 | @a自动驾驶@9zi dong jia shi@e人工智能理论与实践@f胡波主编 |
| 210 | @a北京@c清华大学出版社@d2023.06 | |
| 215 | @a13,189页@c图@d24cm | |
| 225 | 1 | @a人工智能科学与技术丛书 |
| 330 | @a本书以帮助初学者如何从无到有地打造出具备自动驾驶功能的智能小车为主线,内容分为看车(了解自动驾驶)、造车(设计智能小车)、开车(收集训练数据)、写车(编写自动驾驶模型)、算车(训练和优化自动驾驶模型)、玩车(部署并验证自动驾驶模型)6章。 | |
| 461 | 0 | @12001 @a人工智能科学与技术丛书 |
| 510 | 1 | @aAutonomous vehicle@eprinciple and practice of artificial intelligence@zeng |
| 606 | 0 | @a汽车驾驶@x自动驾驶系统 |
| 690 | @aU463.61@v5 | |
| 701 | 0 | @a胡波@9hu bo@4主编 |
| 801 | 0 | @aCN@c20250912 |
| 905 | @a河南城建学院图书馆@dU463.61@eH456@ZH456@f3 | |
| 自动驾驶:人工智能理论与实践/胡波主编.-北京:清华大学出版社,2023.06 |
| 13,189页:图;24cm.-(人工智能科学与技术丛书) |
| ISBN 978-7-302-63213-9:CNY59.00 |
| 本书以帮助初学者如何从无到有地打造出具备自动驾驶功能的智能小车为主线,内容分为看车(了解自动驾驶)、造车(设计智能小车)、开车(收集训练数据)、写车(编写自动驾驶模型)、算车(训练和优化自动驾驶模型)、玩车(部署并验证自动驾驶模型)6章。 |
| ● |
| 相关链接 |
|
|
|
正题名:自动驾驶
索取号:U463.61/H456
 
预约/预借
| 序号 | 登录号 | 条形码 | 馆藏地/架位号 | 状态 | 备注 |
| 1 | 1637278 | 216372789 | 自科库501/501自科库 56排3列2层/ [索取号:U463.61/H456] | 在馆 | |
| 2 | 1637279 | 216372798 | 自科库501/501自科库 56排3列2层/ [索取号:U463.61/H456] | 在馆 | |
| 3 | 1637280 | 216372805 | 自科库501/501自科库 56排3列2层/ [索取号:U463.61/H456] | 在馆 |